00836nam a22002057a 450000500170000001000150001702000280003203500140006003700130007408200080008710000290009524500910012425000160021526000940023127000910032530000290041694200270044599900190047295201390049120240125125801.0 aENG-139032 a97879355323064c1095.00 aEN-122564 bDBAD/PUB a000 aSinghanial, Nitin961326 aWBCS General Studies Manual for Preliminary and Main Examination/cBy Singhania, Nitin a7th Edition bMc Graw HillaAnjana Complex No:5/90 A, Butt Road, St. Thomas Mount, Chennai-600016c2023 aAnjana Complex No:5/90 A, Butt Road, St. Thomas Mount, Chennai-600016bChennaie600016 avarious pagesc28cm(pbk) 2ddccENh000mSINe7th c200392d200392 001040708NFICaZLSbZLSd2024-01-25g1095.00l3m4o000 SINpEN-122564r2024-10-04 00:00:00s2024-09-18t1v1095.00w2024-01-25yEN